000 00438nam a2200181Ia 4500
001 13422
005 20260306164800.0
008 260306t2008||||xx |||||||||||||| ||spa||
041 _aESP
082 _a004.04
_bM22
100 _aManning, Christopher D.
_eAUT
245 0 _aIntroduction to information retrieval
260 _c2008
300 _axxi, 482 páginas :
_c
650 _aGEN
654 _aCCC
942 _cLIB
_dJUS
_fJUS
_2ddc
_n
999 _c13422
_d13422